| 000 | 00529cam8a220016900 4500 | ||
|---|---|---|---|
| 001 | lcf00066832 | ||
| 008 | 760524s1974 fr b 000 0 fre | ||
| 035 | _a(Sirsi) r41752 | ||
| 050 | 0 | _aP 151 NIQ 1974 | |
| 100 | 1 |
_aNique, Christian. _6A102164.1 |
|
| 245 | 1 | 0 | _aInitiation methodique a la grammaire generative. |
| 260 |
_aParis, _bA. Colin _c[1974] |
||
| 490 | 0 |
_aLinguistique _6S13080.1 |
|
| 504 | _aBibliography: p. 171-[173]. | ||
| 650 | 0 |
_aGenerative grammar. _6S3802.1 |
|
| 949 |
_aP151 _wlcc _i-50799 _mMAIN _tBOOK _lON-SHELF |
||
| 999 |
_c95134 _d95134 |
||